| 000 | 00640nam a2200217 a 4500 | ||
|---|---|---|---|
| 999 |
_c992 _d992 |
||
| 001 | 992 | ||
| 003 | BD-JhCC | ||
| 005 | 20171012122312.0 | ||
| 008 | 171012s1995 bg |||| |||| 000 0 ben d | ||
| 020 | _a9844150191 | ||
| 035 | _a(BD-JhCC)992 | ||
| 040 |
_aBD-JhCC _dBD-JhCC |
||
| 041 | _aben | ||
| 082 |
_a915.4 _bSHA 1995 |
||
| 100 | _aসান্যাল, হিরণকুমার | ||
| 245 |
_aভারত পথে / _cহিরণকুমার সান্যাল |
||
| 260 |
_aঢাকা: _bঅবসর, _c১৯৯৫ |
||
| 300 |
_a১১২ পৃ.; _c২২ সে.মি. |
||
| 650 |
_aTravel _zIndia |
||
| 942 |
_2ddc _cBK |
||